000 00216nam a22001097a 4500
082 _a823
_bCOL/C
100 _aCOLIN
245 _aENGLISH SHORT STORY
260 _aUK
650 _aENGLISH SHORT STORY
_zUK
942 _cBK
999 _c4843
_d4843